000 00407nam a2200181Ia 4500
999 _c26333
_d26333
003 OSt
005 20250730120953.0
008 200615s9999||||xx |||||||||||||| ||und||
020 _a9798174464803
040 _cMUIT
082 _a650
_bBRA-V
100 _aVERMA,HARSH V
245 0 _aBRAND MANAGEMENT TEXT AND CASES
250 _a2ND
260 _bEXCEL BOOKS
_c2018
300 _a477
942 _cBK
_2ddc